|
|
|
|
| LEADER |
00000nas a2200000 a 4500 |
| 001 |
ssj0000397808 |
| 003 |
WaSeSS |
| 005 |
20200512172242.0 |
| 006 |
m d |
| 007 |
cr n |
| 008 |
081121c20089999nz x pss 0 a0eng c |
| 010 |
|
|
|a 2010237272
|
| 016 |
7 |
|
|a 994246137
|2 DE-101
|
| 016 |
7 |
|
|a 2495102-X
|2 DE-600
|
| 022 |
|
|
|a 1179-1586
|l 1179-1586
|
| 035 |
|
|
|a (WaSeSS)ssj0000397808
|
| 040 |
|
|
|a NZ1
|b eng
|c NZ1
|d OCLCQ
|d TJC
|d DEBBG
|d GWDNB
|d CUS
|d OCLCQ
|d CUS
|d OCLCF
|d EUW
|d OCLCQ
|d WT2
|d OCLCQ
|d AU@
|d VT2
|d OCLCQ
|d WaSeSS
|
| 042 |
|
|
|a pcc
|
| 050 |
1 |
4 |
|a RC78.7.D53
|
| 082 |
0 |
4 |
|a 616.075405
|2 22
|
| 210 |
1 |
|
|a Rep. med. imaging
|
| 222 |
|
0 |
|a Reports in medical imaging
|
| 245 |
0 |
0 |
|a Reports in medical imaging
|h [electronic resource].
|
| 260 |
|
|
|a [Auckland, N.Z.] :
|b Dove Medical Press
|
| 310 |
|
|
|a Irregular
|
| 362 |
1 |
|
|a Began with v. 1 (2008).
|
| 500 |
|
|
|a Archived by the National Library of New Zealand.
|
| 506 |
|
|
|a License restrictions may limit access.
|
| 515 |
|
|
|a Articles added irregularly during the year and collected into annual issues.
|
| 588 |
0 |
|
|a Vol. 1 (2008); title from journal home page (publisher's Web site, viewed May 7, 2009).
|
| 588 |
1 |
|
|a Vol. 3 (2010) (viewed Nov. 18, 2010).
|
| 650 |
|
0 |
|a Diagnostic imaging
|v Periodicals.
|
| 650 |
|
7 |
|a Diagnostic imaging.
|2 fast
|0 (OCoLC)fst00892354
|
| 655 |
|
0 |
|a Electronic journals.
|
| 856 |
4 |
0 |
|z Full text available from Research Library: 01/01/2008 to present
|u https://search.proquest.com/publication/3933296
|